000 00277nam a2200121Ia 4500
008 190216s9999||||xx |||||||||||||| ||und||
100 _aCharlotte Bronte
245 0 _aJane Eyre
260 _bThe Modern Library
_c1950
300 _a494
650 _aEnglish Novel
942 _cBK
999 _c13348
_d13348